Huchhu manasina hathhu mukagalu (Record no. 172394)
[ view plain ]
| 000 -LEADER | |
|---|---|
| fixed length control field | 00333nam a2200121Ia 4500 |
| 008 - FIXED-LENGTH DATA ELEMENTS--GENERAL INFORMATION | |
| fixed length control field | 220217s9999||||xx |||||||||||||| ||und|| |
| 082 ## - DEWEY DECIMAL CLASSIFICATION NUMBER | |
| Classification number | 894.814 1 KAR |
| 100 ## - MAIN ENTRY--PERSONAL NAME | |
| Personal name | Karantha, Sivarama |
| 9 (RLIN) | 3673 |
| 245 #0 - TITLE STATEMENT | |
| Title | Huchhu manasina hathhu mukagalu |
| 260 ## - PUBLICATION, DISTRIBUTION, ETC. | |
| Place of publication, distribution, etc. | SBS publishers |
| Name of publisher, distributor, etc. | Bangalore |
| Date of publication, distribution, etc. | 2002 |
| 300 ## - PHYSICAL DESCRIPTION | |
| Other physical details | 150 |
| 650 ## - SUBJECT ADDED ENTRY--TOPICAL TERM | |
| Topical term or geographic name entry element | GENERAL BOOKS |
| Withdrawn status | Lost status | Damaged status | Not for loan | Collection code | Home library | Current library | Date acquired | Total Checkouts | Full call number | Barcode | Date last seen | Date last checked out | Price effective from | Koha item type |
|---|---|---|---|---|---|---|---|---|---|---|---|---|---|---|
| Humanity Science | Central Library | Central Library | 02/18/2022 | 1 | 894.814 1 KAR | 7583 | 06/22/2023 | 06/15/2023 | 02/18/2022 | Books |